000 01116nam a2200337 a 4500
008
020 _a9780128171394 (paperback)
040 _aNUST
_cNUST
049 _aMAIN
090 _aHV551.2
_bHAD
100 1 _aHaddow, George D.,
_aauthor.
245 1 0 _aIntroduction to emergency management/
_c George D Haddow ; Jane A Bullock & Damon P Coppola.
250 _aSeventh edition.
260 _aOxford, U.K :
_bButterworth-Heinemann,
_c2021.
300 _axxi, 533 pages :
_billustrations (chiefly colour) ;
_c24 cm.
336 _atext
_btxt
_2rdacontent
337 _aunmediated
_bn
_2rdamedia
338 _avolume
_bnc
_2rdacarrier
500 _aIncludes index.
504 _aIncludes bibliographical references.
650 1 _aEmergency management.
650 _aUnited States.
650 _aCommunication in management.
650 _aSocial sciences.
700 _aBullock, Jane A.,
_aauthor.
700 _aCoppola, Darmon P.,
_aauthor.
907 _a.b10414538
_b28-02-22
_c28-02-22
003
005 20230123141232.0
942 _cBOOKS
_kHV551.2
_mHAD
999 _c169990
_d169990